Dingbats #3 - Statistics

General Stats
  • This quiz has been taken 171 times
  • The average score is 5 of 16
Answer Stats
Picture Answer % Correct
Blue blood
78%
Butter up
70%
Dead duck
51%
The final countdown
51%
Double date
48%
Microeconomics
30%
Blacklist
29%
Never in a million years
22%
Smash hit
18%
Burn the midnight oil
17%
It's not rocket science
15%
Dropout
10%
High time
10%
Landslide victory
6%
Sign language
3%
True colours
3%
No matching quizzes found
Score Distribution
Percent of People with Each Score
Percentile by Number Answered
Your Score History
You have not taken this quiz